[Event "8th GM"]
[Site "Banja Luka BIH"]
[Date "2007.07.22"]
[Round "1"]
[White "Vukic, M."]
[Black "Ilincic, Z."]
[Result "1/2-1/2"]
[WhiteElo "2481"]
[BlackElo "2509"]
[PlyCount "180"]
[EventDate "2007.07.22"]

1. Nf3 Nf6 2. g3 g6 3. b3 Bg7 4. Bb2 a5 5. Bg2 a4 6. b4 d5 7. O-O b5 8. a3 O-O
9. d3 c6 10. Nbd2 Re8 11. c4 Nbd7 12. cxb5 cxb5 13. e4 Nxe4 14. Bxg7 Nxd2 15.
Nxd2 Kxg7 16. Bxd5 Ra6 17. Qe2 Nf6 18. Bf3 Qd4 19. Ne4 Re6 20. Rac1 Rd8 21.
Rfd1 Bb7 22. Bg2 Bd5 23. Re1 Bb3 24. Bf1 h5 25. Qe3 Qb2 26. Qd2 Qxd2 27. Nxd2
Rxe1 28. Rxe1 Be6 29. Rc1 Bf5 30. Ne4 Bxe4 31. dxe4 Nxe4 32. Bxb5 Rd2 33. f3
Nd6 34. Bxa4 Rd3 35. Ra1 Rxf3 36. Bd1 Rd3 37. a4 Rd4 38. a5 Nb5 39. a6 Rxb4 40.
a7 Nxa7 41. Rxa7 Rb1 42. Rd7 e6 43. Kf2 Rb2+ 44. Be2 Kf6 45. Ke3 Ra2 46. Rc7
Rb2 47. Ra7 Kg7 48. h4 Kf6 49. Rc7 Kg7 50. Ba6 Rb3+ 51. Bd3 Kf6 52. Rd7 Kg7 53.
Kf2 Kf6 54. Bf1 Rb2+ 55. Kf3 Rb3+ 56. Kg2 Rb2+ 57. Kf3 Rb3+ 58. Bd3 Ra3 59. Ke3
Rb3 60. Kd4 Ra3 61. Ke4 Rb3 62. Kf3 Ra3 63. Kf2 Ra2+ 64. Be2 Rb2 65. Rd3 Kg7
66. Re3 Kf6 67. Kf3 Kg7 68. Ke4 Rd2 69. Bc4 Rc2 70. Kd4 Rd2+ 71. Ke5 Rc2 72.
Bb3 Rd2 73. Bc4 Rc2 74. Be2 Rd2 75. Bf3 Rd8 76. Bc6 Rd2 77. Rf3 Rd8 78. Be4 Rd2
79. Bd3 Ra2 80. Bc4 Rd2 81. Ra3 Rd7 82. Ra8 Rc7 83. Ra4 Rd7 84. Rb4 Rd2 85. Rb7
Rc2 86. Bd3 Rc5+ 87. Kf4 Kf6 88. Bb5 Rc8 89. Ke4 Rd8 90. Bd7 Ke7 1/2-1/2

[Event "8th GM"]
[Site "Banja Luka BIH"]
[Date "2007.07.22"]
[Round "1"]
[White "Stojanovic, Mih"]
[Black "Solodovnichenko, Y."]
[Result "1/2-1/2"]
[WhiteElo "2601"]
[BlackElo "2582"]
[PlyCount "33"]
[EventDate "2007.07.22"]

1. Nf3 c5 2. c4 Nf6 3. Nc3 e6 4. g3 b6 5. Bg2 Bb7 6. O-O Be7 7. d4 cxd4 8. Qxd4
d6 9. Rd1 a6 10. b3 Nbd7 11. Bb2 O-O 12. h3 Qc7 13. Rac1 Rfe8 14. Qe3 Rac8 15.
Nd4 Bxg2 16. Kxg2 Bf8 17. Kg1 1/2-1/2

[Event "8th GM"]
[Site "Banja Luka BIH"]
[Date "2007.07.22"]
[Round "1"]
[White "Narancic, V."]
[Black "Jakovljevic, Vlado"]
[Result "0-1"]
[WhiteElo "2344"]
[BlackElo "2440"]
[PlyCount "104"]
[EventDate "2007.07.22"]

1. e4 c5 2. Nf3 d6 3. d3 Nc6 4. g3 g6 5. Bg2 Bg7 6. O-O e5 7. c3 Nge7 8. a3 O-O
9. b4 a6 10. Be3 b6 11. bxc5 dxc5 12. c4 f5 13. Bg5 h6 14. Bxe7 Nxe7 15. Nc3 f4
16. h4 Bg4 17. Nd5 g5 18. hxg5 hxg5 19. Qb3 Rb8 20. Rae1 Bd7 21. gxf4 exf4 22.
e5 g4 23. Nh2 f3 24. Bh1 Be6 25. Nf6+ Bxf6 26. exf6 Rxf6 27. Re4 Nc6 28. Rfe1
Nd4 29. Qd1 Rb7 30. Rxe6 Nxe6 31. Nxg4 Rg7 32. Bxf3 Nf4 33. Re4 Qxd3 34. Re8+
Kf7 35. Rd8 Qxd1+ 36. Bxd1 Ke7 37. Rb8 Rd6 38. Bf3 Ke6 39. Kh2 Kf5 40. Rf8+ Kg5
41. a4 Rh7+ 42. Kg1 Rh3 43. Ne5 Rf6 44. Re8 Re6 45. Rxe6 Nxe6 46. Bg4 Ra3 47.
Bxe6 Kf6 48. Bc8 Kxe5 49. Bxa6 Rxa4 50. Bb5 Rb4 51. Kg2 Kd4 52. f4 Rxc4 0-1

[Event "8th GM"]
[Site "Banja Luka BIH"]
[Date "2007.07.22"]
[Round "1"]
[White "Korchnoi, V."]
[Black "Andersson, U."]
[Result "1/2-1/2"]
[WhiteElo "2610"]
[BlackElo "2520"]
[PlyCount "40"]
[EventDate "2007.07.22"]

1. Nf3 Nf6 2. c4 e6 3. g3 b6 4. Bg2 Bb7 5. O-O c5 6. d3 Be7 7. e4 d6 8. Nc3 O-O
9. a3 Nc6 10. Rb1 a6 11. b4 Rb8 12. h3 Nd7 13. Be3 Bf6 14. Ne2 Ba8 15. Nh2 b5
16. Ng4 cxb4 17. axb4 bxc4 18. dxc4 Rxb4 19. Rxb4 Nxb4 20. Qxd6 Be7 1/2-1/2

[Event "8th GM"]
[Site "Banja Luka BIH"]
[Date "2007.07.23"]
[Round "2"]
[White "Ilincic, Z."]
[Black "Andersson, U."]
[Result "1/2-1/2"]
[WhiteElo "2509"]
[BlackElo "2520"]
[PlyCount "36"]
[EventDate "2007.07.22"]

1. d4 Nf6 2. c4 e6 3. Nf3 Bb4+ 4. Bd2 Bxd2+ 5. Qxd2 O-O 6. Nc3 d5 7. e3 Qe7 8.
Bd3 dxc4 9. Bxc4 c5 10. O-O Nc6 11. Rad1 Rd8 12. Qe2 Bd7 13. a3 Rac8 14. h3 Be8
15. Ba2 a6 16. dxc5 Qxc5 17. Rxd8 Rxd8 18. Rd1 Rxd1+ 1/2-1/2

[Event "8th GM"]
[Site "Banja Luka BIH"]
[Date "2007.07.23"]
[Round "2"]
[White "Jakovljevic, Vlado"]
[Black "Korchnoi, V."]
[Result "1/2-1/2"]
[WhiteElo "2440"]
[BlackElo "2610"]
[PlyCount "136"]
[EventDate "2007.07.22"]

1. Nf3 d5 2. d4 e6 3. c4 dxc4 4. e3 c5 5. Bxc4 Nf6 6. O-O a6 7. Bb3 Nc6 8. Qe2
cxd4 9. Rd1 Be7 10. Nc3 O-O 11. Nxd4 Nxd4 12. exd4 Nd5 13. Qf3 Nxc3 14. bxc3
Bd6 15. c4 Qh4 16. g3 Qh3 17. c5 Bc7 18. Bb2 Rb8 19. d5 exd5 20. Rxd5 Qh6 21.
h4 Bd8 22. Rxd8 Rxd8 23. Qxf7+ Kh8 24. Re1 Bh3 25. Re7 Rg8 26. Qf4 Qxf4 27.
gxf4 h5 28. Bxg8 Rxg8 29. Rxb7 Kh7 30. c6 Kg6 31. Rb3 Be6 32. Rg3+ Kf7 33. c7
g6 34. Ra3 Ra8 35. Ra5 Ke7 36. a3 Kd7 37. Rc5 Kd6 38. Rc1 a5 39. Be5+ Kd5 40.
f3 Bf5 41. Kf2 a4 42. Ke3 Rc8 43. Kd2 Ra8 44. Kc3 Kc5 45. Rd1 Ra6 46. Rd4 Rc6
47. Rc4+ Kd5 48. Rxc6 Kxc6 49. Kb4 Kb6 50. Kxa4 Bc2+ 51. Kb4 Bf5 52. Kc4 Kc6
53. Kd4 Bc8 54. f5 Bxf5 55. Ke3 Kd5 56. Kf4 Bc8 57. Kg5 Kxe5 58. Kxg6 Bf5+ 59.
Kxh5 Kf6 60. a4 Bc8 61. a5 Kf5 62. Kh6 Kf6 63. f4 Ba6 64. Kh7 Kf7 65. f5 Bc8
66. Kh8 Ba6 67. Kh7 Bc8 68. h5 Ba6 1/2-1/2

[Event "8th GM"]
[Site "Banja Luka BIH"]
[Date "2007.07.23"]
[Round "2"]
[White "Solodovnichenko, Y."]
[Black "Narancic, V."]
[Result "1-0"]
[WhiteElo "2582"]
[BlackElo "2344"]
[PlyCount "63"]
[EventDate "2007.07.22"]

1. e4 d6 2. d4 Nf6 3. Nc3 g6 4. Be3 Bg7 5. Qd2 Nbd7 6. Bh6 Bxh6 7. Qxh6 c5 8.
Nf3 cxd4 9. Nxd4 a6 10. Bc4 e6 11. O-O-O Ne5 12. Bb3 b5 13. Rhe1 b4 14. Na4 Bd7
15. f4 Neg4 16. Qh4 e5 17. Nf3 exf4 18. e5 Nh5 19. exd6+ Ne3 20. Rxe3+ fxe3 21.
Qe4+ Kf8 22. Nc5 Kg7 23. Qd4+ Nf6 24. Ne5 e2 25. Re1 Bb5 26. Bxf7 Re8 27. Bxe8
Qxe8 28. Ng4 Qf7 29. Ne4 Rd8 30. Ngxf6 Kf8 31. b3 h6 32. Qxb4 1-0

[Event "8th GM"]
[Site "Banja Luka BIH"]
[Date "2007.07.23"]
[Round "2"]
[White "Savanovic, A."]
[Black "Stojanovic, Mih"]
[Result "1/2-1/2"]
[WhiteElo "2432"]
[BlackElo "2601"]
[PlyCount "92"]
[EventDate "2007.07.22"]

1. e4 e6 2. d4 d5 3. Nc3 Nf6 4. Bg5 dxe4 5. Nxe4 Be7 6. Bxf6 gxf6 7. Nf3 Qd5 8.
Ned2 Bd7 9. Bc4 Qh5 10. Qe2 Bc6 11. Bd3 Rg8 12. g3 Nd7 13. Be4 Bxe4 14. Qxe4
O-O-O 15. Qe2 Qa5 16. c3 h5 17. a3 Kb8 18. Nc4 Qb5 19. Ne3 Qc6 20. O-O-O Nb6
21. Rhe1 a6 22. Rd3 Qb5 23. Rd2 Rd7 24. c4 Qa4 25. Red1 Bf8 26. Kb1 Bh6 27. Ka2
Rgd8 28. b3 Qc6 29. Ne1 Qe4 30. Qxh5 Bxe3 31. Qe2 Rxd4 32. Rxd4 Rxd4 33. Rxd4
Qxd4 34. Qxe3 Qd1 35. Kb2 a5 36. a4 Nd7 37. Nd3 Ne5 38. Nxe5 fxe5 39. h4 f6 40.
f3 Qh1 41. Qf2 f5 42. Qc5 Qg2+ 43. Ka3 Qxg3 44. Qf8+ Ka7 45. Qc5+ Kb8 46. Qf8+
Ka7 1/2-1/2

[Event "8th GM"]
[Site "Banja Luka BIH"]
[Date "2007.07.23"]
[Round "2"]
[White "Vukic, M."]
[Black "Ruck, R."]
[Result "1/2-1/2"]
[WhiteElo "2481"]
[BlackElo "2563"]
[PlyCount "36"]
[EventDate "2007.07.22"]

1. Nf3 g6 2. d4 Nf6 3. g3 Bg7 4. Bg2 d5 5. O-O O-O 6. Nbd2 c6 7. c4 a5 8. b3
Ne4 9. Bb2 a4 10. Qc1 a3 11. Bxa3 Nxd2 12. Nxd2 Bxd4 13. Bb2 dxc4 14. Nxc4 Be6
15. Rd1 Bxb2 16. Qxb2 Qc7 17. Rac1 Nd7 18. b4 Rfd8 1/2-1/2

[Event "8th GM"]
[Site "Banja Luka BIH"]
[Date "2007.07.24"]
[Round "3"]
[White "Ruck, R."]
[Black "Ilincic, Z."]
[Result "0-1"]
[WhiteElo "2563"]
[BlackElo "2509"]
[PlyCount "153"]
[EventDate "2007.07.22"]

1. Nf3 Nf6 2. c4 g6 3. d4 Bg7 4. g3 O-O 5. Bg2 d6 6. Nc3 Nbd7 7. O-O e5 8. h3
c6 9. e4 exd4 10. Nxd4 Qb6 11. Re1 Ne8 12. Nb3 a5 13. Be3 Qb4 14. a3 Qxc4 15.
Nd4 Bxd4 16. Bf1 Qe6 17. Bxd4 b5 18. f4 f6 19. Qc2 Bb7 20. Rad1 Ng7 21. Bf2
Rfd8 22. a4 b4 23. Nb1 Ba6 24. Qxc6 Bxf1 25. Rxf1 Qxh3 26. Rxd6 Nf8 27. Rfd1
Rxd6 28. Qxd6 Nge6 29. Qd5 Rc8 30. e5 Rd8 31. Qb3 Rxd1+ 32. Qxd1 fxe5 33. fxe5
Qf5 34. Nd2 Ng5 35. Kg2 Nfe6 36. Qe2 Qc2 37. Be3 Qc6+ 38. Kh2 Nf7 39. Qc4 Nxe5
40. Qxc6 Nxc6 41. Nb3 Ned8 42. Bb6 Nb7 43. g4 Kf7 44. Kg3 Ke6 45. Kf4 h6 46.
Ke4 Nd6+ 47. Kd3 Kd5 48. Nxa5 Ne5+ 49. Ke2 Nxg4 50. Bc7 Nc4 51. Nxc4 Kxc4 52.
b3+ Kxb3 53. a5 Nf6 54. a6 Nd5 55. Bd6 Nc3+ 56. Kd2 Nb5 57. Bf8 h5 58. Be7 Kc4
59. Bh4 b3 60. Kc1 Kb4 61. Kb2 Na7 62. Bf6 Nc6 63. Bh4 Kb5 64. Kxb3 Kxa6 65.
Kc3 Ne5 66. Bg3 Nf3 67. Kd3 g5 68. Ke4 g4 69. Kf5 Kb5 70. Bb8 Kc4 71. Kg6 h4
72. Kf5 g3 73. Ke4 Nd4 74. Be5 Ne2 75. Kf3 Kd3 76. Bc7 Nd4+ 77. Kg2 0-1

[Event "8th GM"]
[Site "Banja Luka BIH"]
[Date "2007.07.24"]
[Round "3"]
[White "Stojanovic, Mih"]
[Black "Vukic, M."]
[Result "1/2-1/2"]
[WhiteElo "2601"]
[BlackElo "2481"]
[PlyCount "48"]
[EventDate "2007.07.22"]

1. d4 Nf6 2. c4 d6 3. Nc3 Nbd7 4. e4 e5 5. Nf3 c6 6. Be2 Be7 7. O-O O-O 8. Be3
Re8 9. d5 c5 10. Rb1 Nf8 11. Ne1 Ng6 12. Nd3 h6 13. b4 b6 14. bxc5 bxc5 15. Rb2
Nd7 16. Qa4 a6 17. Rfb1 Nf6 18. Rb6 Nd7 19. R6b2 Nf6 20. h3 Ra7 21. Rb8 Nd7 22.
R8b2 Nf6 23. Rb8 Nd7 24. R8b2 Nf6 1/2-1/2

[Event "8th GM"]
[Site "Banja Luka BIH"]
[Date "2007.07.24"]
[Round "3"]
[White "Narancic, V."]
[Black "Savanovic, A."]
[Result "1/2-1/2"]
[WhiteElo "2344"]
[BlackElo "2432"]
[PlyCount "50"]
[EventDate "2007.07.22"]

1. e4 e5 2. Nf3 Nc6 3. Bb5 a6 4. Ba4 Nf6 5. d4 exd4 6. e5 Ne4 7. O-O Be7 8.
Nxd4 O-O 9. Nf5 d5 10. exd6 Bxf5 11. dxe7 Nxe7 12. Bb3 Qxd1 13. Rxd1 Nc5 14.
Nc3 Rad8 15. Bf4 Nxb3 16. cxb3 c6 17. Bd6 Rd7 18. Bc5 Re8 19. Rxd7 Bxd7 20. Re1
Nd5 21. Rxe8+ Bxe8 22. Nxd5 cxd5 23. f3 f6 24. Kf2 Kf7 25. Ke3 Ke6 1/2-1/2

[Event "8th GM"]
[Site "Banja Luka BIH"]
[Date "2007.07.24"]
[Round "3"]
[White "Korchnoi, V."]
[Black "Solodovnichenko, Y."]
[Result "1/2-1/2"]
[WhiteElo "2610"]
[BlackElo "2582"]
[PlyCount "65"]
[EventDate "2007.07.22"]

1. d4 d5 2. c4 dxc4 3. e4 e5 4. Nf3 exd4 5. Bxc4 Nc6 6. O-O Be6 7. Bb5 Bc5 8.
b4 Bb6 9. a4 a6 10. Bxc6+ bxc6 11. a5 Ba7 12. Bb2 Nf6 13. Bxd4 Nxe4 14. Bxa7
Qxd1 15. Rxd1 Rxa7 16. Re1 Nd6 17. Nc3 O-O 18. Ne5 Rb7 19. Nxc6 Re8 20. Rac1
Kf8 21. h3 h6 22. Red1 Bb3 23. Rd2 g6 24. Nd5 Bxd5 25. Rxd5 Re2 26. Kf1 Rb2 27.
Re5 h5 28. g3 Rb3 29. h4 Rb2 30. Kg2 Nf5 31. Kf1 Nd6 32. Ke1 Nf5 33. Kf1
1/2-1/2

[Event "8th GM"]
[Site "Banja Luka BIH"]
[Date "2007.07.24"]
[Round "3"]
[White "Andersson, U."]
[Black "Jakovljevic, Vlado"]
[Result "1/2-1/2"]
[WhiteElo "2520"]
[BlackElo "2440"]
[PlyCount "28"]
[EventDate "2007.07.22"]

1. Nf3 Nf6 2. c4 g6 3. Nc3 d5 4. cxd5 Nxd5 5. e4 Nxc3 6. dxc3 Qxd1+ 7. Kxd1 Nd7
8. Bc4 Nc5 9. Re1 Be6 10. Bxe6 Nxe6 11. Be3 Bg7 12. Kc2 O-O-O 13. Rad1 Rxd1 14.
Rxd1 Rd8 1/2-1/2

[Event "8th GM"]
[Site "Banja Luka BIH"]
[Date "2007.07.25"]
[Round "4"]
[White "Ilincic, Z."]
[Black "Jakovljevic, Vlado"]
[Result "1-0"]
[WhiteElo "2509"]
[BlackElo "2440"]
[PlyCount "83"]
[EventDate "2007.07.22"]

1. d4 Nf6 2. c4 g6 3. g3 Bg7 4. Bg2 d5 5. cxd5 Nxd5 6. e4 Nb6 7. Ne2 c5 8. d5
e6 9. O-O exd5 10. exd5 O-O 11. Nbc3 Na6 12. h4 Bf5 13. h5 Re8 14. hxg6 hxg6
15. a3 Nc4 16. b3 Nd6 17. Ra2 Rc8 18. Be3 c4 19. bxc4 Rxc4 20. Nb1 Rc8 21. Nd4
Be4 22. Bxe4 Rxe4 23. Nf3 Nc4 24. Bg5 Qd7 25. Nbd2 Nxd2 26. Rxd2 Nc5 27. Rc2 b6
28. Be3 Bf8 29. Kg2 Rd8 30. Rd2 Ree8 31. Rh1 Bg7 32. Bd4 Ne4 33. Bxg7 Kxg7 34.
Qa1+ f6 35. Rd4 Qf5 36. Qc1 g5 37. Qb2 Rxd5 38. Re1 Rh8 39. Ng1 Nc5 40. Re7+
Kg6 41. g4 Qc8 42. Qc2+ 1-0

[Event "8th GM"]
[Site "Banja Luka BIH"]
[Date "2007.07.25"]
[Round "4"]
[White "Savanovic, A."]
[Black "Korchnoi, V."]
[Result "0-1"]
[WhiteElo "2432"]
[BlackElo "2610"]
[PlyCount "98"]
[EventDate "2007.07.22"]

1. e4 e6 2. d4 d5 3. Nc3 Nf6 4. Bg5 Bb4 5. e5 h6 6. Bd2 Bxc3 7. bxc3 Ne4 8. Qg4
Kf8 9. Bd3 Nxd2 10. Kxd2 c5 11. h4 c4 12. Be2 Nc6 13. Nh3 b5 14. a3 a5 15. Nf4
Rg8 16. Rh3 Ne7 17. h5 Rb8 18. Bd1 Ke8 19. Ne2 Nc6 20. Qf4 Qe7 21. Qe3 Kd8 22.
f4 Kc7 23. g4 b4 24. axb4 axb4 25. cxb4 Qxb4+ 26. Qc3 Qxc3+ 27. Kxc3 Bd7 28. g5
Ra8 29. Rxa8 Rxa8 30. Kb2 Ne7 31. Ra3 Rxa3 32. Kxa3 Nf5 33. c3 Ne3 34. Ba4 Bxa4
35. Kxa4 Kb6 36. Kb4 Ng4 37. Ng3 g6 38. gxh6 Nxh6 39. hxg6 fxg6 40. Ka4 Ng4 41.
Ne2 Nf2 42. f5 gxf5 43. Nf4 Ne4 44. Nxe6 Nxc3+ 45. Kb4 Ne2 46. Ng7 Nxd4 47. e6
Nc6+ 48. Kc3 Ne7 49. Kd4 Kc7 0-1

[Event "8th GM"]
[Site "Banja Luka BIH"]
[Date "2007.07.25"]
[Round "4"]
[White "Vukic, M."]
[Black "Narancic, V."]
[Result "1-0"]
[WhiteElo "2481"]
[BlackElo "2344"]
[PlyCount "55"]
[EventDate "2007.07.22"]

1. Nf3 Nf6 2. g3 g6 3. Bg2 Bg7 4. O-O O-O 5. c4 d6 6. d4 c6 7. Nc3 Nbd7 8. e4
e5 9. b3 a5 10. h3 exd4 11. Nxd4 Nc5 12. Re1 Nfd7 13. Be3 Ne5 14. Re2 f5 15.
exf5 gxf5 16. f4 Nf7 17. Rc1 Qf6 18. Kh2 Re8 19. Nxc6 bxc6 20. Bxc6 Be6 21.
Bxe8 Rxe8 22. Bxc5 dxc5 23. Nd5 Qd8 24. Qe1 Qc8 25. Rd1 Kf8 26. Qxa5 Bd4 27.
Rde1 Nd6 28. Nb6 1-0

[Event "8th GM"]
[Site "Banja Luka BIH"]
[Date "2007.07.26"]
[Round "5"]
[White "Stojanovic, Mih"]
[Black "Ilincic, Z."]
[Result "1/2-1/2"]
[WhiteElo "2601"]
[BlackElo "2509"]
[PlyCount "26"]
[EventDate "2007.07.22"]

1. Nf3 Nf6 2. c4 g6 3. Nc3 Bg7 4. g3 O-O 5. Bg2 d6 6. O-O e5 7. d4 Nbd7 8. h3
c6 9. e4 a6 10. Be3 Qe7 11. Qc2 b5 12. dxe5 dxe5 13. a3 Bb7 1/2-1/2

[Event "8th GM"]
[Site "Banja Luka BIH"]
[Date "2007.07.26"]
[Round "5"]
[White "Narancic, V."]
[Black "Ruck, R."]
[Result "1-0"]
[WhiteElo "2344"]
[BlackElo "2563"]
[PlyCount "73"]
[EventDate "2007.07.22"]

1. Nf3 c5 2. g3 g6 3. Bg2 Bg7 4. O-O Nc6 5. d3 d5 6. c3 Nf6 7. Nbd2 O-O 8. e4
e5 9. exd5 Nxd5 10. a4 Bf5 11. Ne4 b6 12. Nfd2 Be6 13. Nc4 h6 14. a5 f5 15. Qa4
Nce7 16. Ned6 Rb8 17. axb6 axb6 18. Nb5 Nc7 19. Nxc7 Qxc7 20. f4 b5 21. Qa5
Qxa5 22. Nxa5 b4 23. c4 exf4 24. Bxf4 Rbe8 25. Rae1 Bd7 26. Be5 Bxe5 27. Rxe5
g5 28. Nb7 Nc6 29. Rxe8 Bxe8 30. Bd5+ Kg7 31. Nxc5 Nd4 32. Ne6+ Nxe6 33. Bxe6
Bg6 34. d4 h5 35. c5 Kf6 36. d5 Ke5 37. Re1+ 1-0

[Event "8th GM"]
[Site "Banja Luka BIH"]
[Date "2007.07.26"]
[Round "5"]
[White "Andersson, U."]
[Black "Savanovic, A."]
[Result "1/2-1/2"]
[WhiteElo "2520"]
[BlackElo "2432"]
[PlyCount "50"]
[EventDate "2007.07.22"]

1. Nf3 d5 2. d4 Nf6 3. c4 e6 4. Nc3 Be7 5. Bg5 O-O 6. e3 h6 7. Bh4 b6 8. Bd3
Bb7 9. O-O Nbd7 10. Qe2 c5 11. Rfd1 Ne4 12. Bg3 Nxg3 13. hxg3 Nf6 14. cxd5 exd5
15. dxc5 bxc5 16. Bc4 Rb8 17. Nxd5 Bxd5 18. Bxd5 Nxd5 19. e4 Bf6 20. Rxd5 Rxb2
21. Qc4 Qb6 22. e5 Bd8 23. Rad1 Rb1 24. Rxb1 Qxb1+ 25. Kh2 Qf5 1/2-1/2

[Event "8th GM"]
[Site "Banja Luka BIH"]
[Date "2007.07.26"]
[Round "5"]
[White "Jakovljevic, Vlado"]
[Black "Solodovnichenko, Y."]
[Result "1/2-1/2"]
[WhiteElo "2440"]
[BlackElo "2582"]
[PlyCount "106"]
[EventDate "2007.07.22"]

1. Nf3 d5 2. d4 c6 3. c4 e6 4. Nc3 dxc4 5. a4 Bb4 6. e3 b5 7. Bd2 a5 8. axb5
Bxc3 9. Bxc3 cxb5 10. b3 Bb7 11. bxc4 b4 12. Bb2 Nf6 13. Bd3 Nbd7 14. O-O O-O
15. Nd2 e5 16. f4 exd4 17. exd4 Qe7 18. Rf2 Rfc8 19. h3 h6 20. Bf5 Re8 21. Qc2
Nb6 22. d5 Qc5 23. Bxf6 gxf6 24. Ne4 Rxe4 25. Qxe4 Qxc4 26. Qe3 Nxd5 27. Qg3+
Kf8 28. Qh4 Kg7 29. Qg3+ Kf8 30. Qh4 Kg7 31. Rd1 Ne7 32. Rc2 Qb5 33. Bd3 Qb6+
34. Kh2 Rd8 35. Re2 Ng6 36. Qg3 f5 37. Ree1 Qf6 38. Re5 Rd5 39. Rxd5 Bxd5 40.
Bc2 Be6 41. Rd6 Qb2 42. Bd1 Qa3 43. Ra6 Qc1 44. Bh5 Qxf4 45. Bxg6 Qxg3+ 46.
Kxg3 Kxg6 47. Kf4 b3 48. Rxa5 Kf6 49. Ra7 Bd5 50. g3 Be6 51. Rb7 Bd5 52. Rb6+
Be6 53. Rb5 Kg7 1/2-1/2

[Event "8th GM"]
[Site "Banja Luka BIH"]
[Date "2007.07.27"]
[Round "6"]
[White "Ilincic, Z."]
[Black "Solodovnichenko, Y."]
[Result "1/2-1/2"]
[WhiteElo "2509"]
[BlackElo "2582"]
[PlyCount "74"]
[EventDate "2007.07.22"]

1. d4 d5 2. c4 dxc4 3. e4 e5 4. Nf3 exd4 5. Bxc4 Nc6 6. O-O Be6 7. Bb5 Bc5 8.
b4 Bb6 9. a4 a6 10. Bxc6+ bxc6 11. a5 Ba7 12. Bb2 Nf6 13. Bxd4 Nxe4 14. Bxa7
Qxd1 15. Rxd1 Rxa7 16. Re1 Nf6 17. Ne5 Nd5 18. Nxc6 Rb7 19. Na3 Kd7 20. Ne5+
Kc8 21. Nd3 Rd8 22. Nc5 Rxb4 23. Nxa6 Ra4 24. Nb5 Rxa1 25. Rxa1 Kb7 26. Nc5+
Kc6 27. Nxe6 fxe6 28. Nd4+ Kd7 29. Nb3 Kd6 30. Nd2 Kc6 31. Nf3 h6 32. h4 Nb4
33. Re1 Rd6 34. Re4 Kc5 35. Rg4 Kb5 36. Rxg7 c5 37. Ne5 Rd1+ 1/2-1/2

[Event "8th GM"]
[Site "Banja Luka BIH"]
[Date "2007.07.27"]
[Round "6"]
[White "Savanovic, A."]
[Black "Jakovljevic, Vlado"]
[Result "1/2-1/2"]
[WhiteElo "2432"]
[BlackElo "2440"]
[PlyCount "39"]
[EventDate "2007.07.22"]

1. Nf3 d5 2. c4 d4 3. e3 Nc6 4. exd4 Nxd4 5. Nxd4 Qxd4 6. Nc3 e5 7. d3 Ne7 8.
Be3 Qd8 9. d4 exd4 10. Qxd4 Qxd4 11. Bxd4 Nc6 12. Be3 Bb4 13. Rc1 Bf5 14. a3
Bxc3+ 15. Rxc3 O-O-O 16. c5 Ne5 17. Be2 Nd3+ 18. Bxd3 Rxd3 19. Rxd3 Bxd3 20.
Bd4 1/2-1/2

[Event "8th GM"]
[Site "Banja Luka BIH"]
[Date "2007.07.27"]
[Round "6"]
[White "Vukic, M."]
[Black "Andersson, U."]
[Result "1/2-1/2"]
[WhiteElo "2481"]
[BlackElo "2520"]
[PlyCount "28"]
[EventDate "2007.07.22"]

1. Nf3 c5 2. c4 g6 3. d4 cxd4 4. Nxd4 Nc6 5. e4 Nf6 6. Nc3 d6 7. Be2 Nxd4 8.
Qxd4 Bg7 9. Bg5 O-O 10. Qd2 Be6 11. Rc1 Qa5 12. f3 Rfc8 13. b3 a6 14. Nd5 Qxd2+
1/2-1/2

[Event "8th GM"]
[Site "Banja Luka BIH"]
[Date "2007.07.27"]
[Round "6"]
[White "Stojanovic, Mih"]
[Black "Narancic, V."]
[Result "1-0"]
[WhiteElo "2601"]
[BlackElo "2344"]
[PlyCount "75"]
[EventDate "2007.07.22"]

1. d4 d6 2. Nf3 Nf6 3. Bg5 Nbd7 4. Nbd2 c6 5. e4 Qc7 6. h3 g6 7. Bd3 Bg7 8. O-O
O-O 9. Re1 e5 10. c3 Re8 11. a4 a5 12. Qb3 Nf8 13. Nc4 exd4 14. Nb6 Rb8 15.
cxd4 Ne6 16. Be3 Nd7 17. Nxc8 Rbxc8 18. Rad1 Qb6 19. Qxb6 Nxb6 20. b3 d5 21. e5
f6 22. Bd2 fxe5 23. Bxa5 Nxa4 24. bxa4 e4 25. Bxe4 dxe4 26. Rxe4 Ra8 27. Bb6
Nc7 28. Rxe8+ Nxe8 29. a5 Nf6 30. Rb1 Nd5 31. Bc5 Rxa5 32. Rxb7 Bf6 33. g3 Ra1+
34. Kg2 Ra2 35. Ne5 Ne3+ 36. Kf3 Nd1 37. Rb8+ Kg7 38. Bf8+ 1-0

[Event "8th GM"]
[Site "Banja Luka BIH"]
[Date "2007.07.28"]
[Round "7"]
[White "Narancic, V."]
[Black "Ilincic, Z."]
[Result "0-1"]
[WhiteElo "2344"]
[BlackElo "2509"]
[PlyCount "110"]
[EventDate "2007.07.22"]

1. Nf3 f5 2. g3 Nf6 3. Bg2 g6 4. O-O Bg7 5. d3 O-O 6. Nbd2 Nc6 7. Re1 e5 8. e4
d6 9. c3 h6 10. d4 Nxe4 11. Nxe4 fxe4 12. Rxe4 d5 13. Re1 Bg4 14. dxe5 Nxe5 15.
Rxe5 Bxe5 16. Bxh6 Bg7 17. Bf4 c6 18. Qd2 Bxf3 19. Bxf3 Qf6 20. h4 Qf5 21. Rf1
Rad8 22. Qd1 d4 23. Bg4 Qf7 24. cxd4 Qxa2 25. b3 Bxd4 26. Be6+ Kg7 27. Qg4 Qa5
28. Kg2 Bf6 29. Rh1 Qh5 30. Qh3 Rd1 31. Bc4 Rxh1 32. Qd7+ Kh8 33. Kxh1 Bxh4 34.
Kg2 b5 35. Be6 Bf6 36. Qxc6 g5 37. Bd6 Rd8 38. Bc7 Rd1 39. Bh3 Kg7 40. Qxb5 Qh7
41. Qb7 Qd3 42. Bb8+ Kh6 43. Kh2 a5 44. Ba7 Qd5 45. Qxd5 Rxd5 46. Be6 Rd6 47.
Bc4 Bd4 48. Bb8 Rc6 49. Bd5 Rc2 50. Kh3 Bxf2 51. Kg4 Rc8 52. Kf3 Rxb8 53. Kxf2
Rc8 54. Kf3 Rc3+ 55. Kg4 Kg6 0-1

[Event "8th GM"]
[Site "Banja Luka BIH"]
[Date "2007.07.28"]
[Round "7"]
[White "Andersson, U."]
[Black "Ruck, R."]
[Result "1/2-1/2"]
[WhiteElo "2520"]
[BlackElo "2563"]
[PlyCount "27"]
[EventDate "2007.07.22"]

1. Nf3 g6 2. c4 Bg7 3. Nc3 c5 4. g3 Nc6 5. Bg2 e6 6. e3 Nge7 7. O-O O-O 8. d4
d6 9. b3 d5 10. cxd5 cxd4 11. Nxd4 Nxd4 12. exd4 Nxd5 13. Nxd5 exd5 14. Be3
1/2-1/2

[Event "8th GM"]
[Site "Banja Luka BIH"]
[Date "2007.07.28"]
[Round "7"]
[White "Jakovljevic, Vlado"]
[Black "Vukic, M."]
[Result "1-0"]
[WhiteElo "2440"]
[BlackElo "2481"]
[PlyCount "97"]
[EventDate "2007.07.22"]

1. d4 Nf6 2. c4 d6 3. Nc3 g6 4. g3 Bg7 5. Bg2 O-O 6. Nf3 c6 7. O-O Qa5 8. e4 e5
9. h3 exd4 10. Nxd4 Nbd7 11. Nde2 Qc7 12. Bf4 Ne5 13. b3 Nfd7 14. Be3 f6 15. f4
Nf7 16. Qd2 Re8 17. Rac1 a5 18. g4 Qd8 19. Ng3 Qe7 20. Rce1 Nc5 21. Bd4 Qc7 22.
Re2 b6 23. Ree1 Ne6 24. Be3 Bd7 25. h4 Nf8 26. g5 fxg5 27. hxg5 h6 28. gxh6
Bxh6 29. Qf2 Rab8 30. e5 Bg7 31. Be4 Nh6 32. Qc2 Re6 33. Re2 dxe5 34. f5 gxf5
35. Nxf5 Rg6+ 36. Rg2 Nxf5 37. Bxf5 Bxf5 38. Rxf5 Rxg2+ 39. Qxg2 Nh7 40. Ne4 b5
41. Rh5 Qd8 42. Qg6 Nf8 43. Qg4 Rb7 44. Rxe5 bxc4 45. Re8 Qd3 46. Rxf8+ Kxf8
47. Qc8+ Kf7 48. Qxb7+ Ke6 49. Nc5+ 1-0

[Event "8th GM"]
[Site "Banja Luka BIH"]
[Date "2007.07.28"]
[Round "7"]
[White "Solodovnichenko, Y."]
[Black "Savanovic, A."]
[Result "1-0"]
[WhiteElo "2582"]
[BlackElo "2432"]
[PlyCount "159"]
[EventDate "2007.07.22"]

1. e4 e5 2. Nf3 Nc6 3. Bb5 a6 4. Ba4 Nf6 5. O-O Be7 6. Re1 b5 7. Bb3 d6 8. c3
O-O 9. h3 Na5 10. Bc2 c5 11. d4 Qc7 12. Nbd2 cxd4 13. cxd4 Bd7 14. Nf1 Rac8 15.
Ne3 Nc6 16. d5 Nb4 17. Bb1 a5 18. a3 Na6 19. b4 axb4 20. axb4 Qb7 21. Bd2 Bd8
22. Bd3 Bb6 23. Qe2 Nc7 24. g4 g6 25. Nf1 Kg7 26. Ng3 Ra8 27. Bc3 Rxa1 28. Rxa1
Ng8 29. Nd2 Ra8 30. Nb3 Rxa1+ 31. Nxa1 Qa7 32. Qb2 f6 33. Nb3 Ne7 34. g5 fxg5
35. Kg2 Kf6 36. Nf1 Ncxd5 37. exd5 Nxd5 38. Be4 Nf4+ 39. Kh2 Bxh3 40. Nfd2 Bxf2
41. Nf3 Bh4 42. Nbd4 Bd7 43. Nxh4 gxh4 44. Nf3 Qc7 45. Qc1 Kf7 46. Qd2 h6 47.
Nxh4 d5 48. Bxd5+ Be6 49. Bxe6+ Kxe6 50. Nf3 Qc4 51. Bxe5 Qe2+ 52. Qxe2 Nxe2
53. Bg7 Kd5 54. Bxh6 Kc4 55. Bf8 Nf4 56. Ne5+ Kd5 57. Nd7 Ne6 58. Be7 Nc7 59.
Nb8 Kc4 60. Bd6 Ne8 61. Bf8 Nf6 62. Kg3 Nd5 63. Na6 Kd4 64. Kg4 Ke5 65. Kg5 Ke6
66. Kxg6 Kd7 67. Nc5+ Ke8 68. Ne6 Kd7 69. Nd4 Nc3 70. Kf5 Kc7 71. Ke5 Kb6 72.
Bh6 Kc7 73. Bd2 Nb1 74. Be1 Na3 75. Kd5 Kb6 76. Bf2 Nb1 77. Nc2+ Ka6 78. Be1
Kb7 79. Kc5 Ka6 80. Kc6 1-0